Los días iluminados (Record no. 76466)

MARC details
000 -LEADER
campo de control de longitud fija 00850nam a2200241 i 4500
001 - NÚMERO DE CONTROL
campo de control 76466
003 - IDENTIFICADOR DE NÚMERO DE CONTROL
campo de control ES-MaACL
005 - FECHA Y HORA DE LA ÚLTIMA TRANSACCIÓN
campo de control 20250908215439.0
007 - CAMPO FIJO DE DESCRIPCIÓN FÍSICA--INFORMACIÓN GENERAL
campo de control de longitud fija t|
008 - DATOS DE LONGITUD FIJA--INFORMACIÓN GENERAL
campo de control de longitud fija 041001s1965 sp ||||1| spa d
080 ## - NÚMERO DE LA CLASIFICACIÓN DECIMAL UNIVERSAL
Número de la Clasificación Decimal Universal 821.134.2-14
245 04 - MENCIÓN DEL TÍTULO
Título Los días iluminados
Resto del título : Semana Santa en Andalucía /
Mención de responsabilidad, etc. textos y selección de poemas, Alfonso Grosso ; fotografías, Francisco Ontañón ; [Rafael Alberti ... et al.].
260 ## - PUBLICACIÓN, DISTRIBUCIÓN, ETC.
Lugar de publicación, distribución, etc. [Barcelona] :
Nombre del editor, distribuidor, etc. Lumen,
Fecha de publicación, distribución, etc. 1965.
300 ## - DESCRIPCIÓN FÍSICA
Extensión 32 p., 16 lám. ;
Dimensiones 23 cm.
490 1# - MENCIÓN DE SERIE
Mención de serie Palabra e imagen
650 #4 - PUNTO DE ACCESO ADICIONAL DE MATERIA--TÉRMINO DE MATERIA
Término de materia o nombre geográfico como elemento de entrada Semana Santa-
Subdivisión de forma Poesías.
9 (RLIN) 171171
700 1# - ENTRADA AGREGADA--NOMBRE PERSONAL
Nombre de persona Grosso, Alfonso,
Fechas asociadas al nombre 1928-1995
9 (RLIN) 60189
700 0# - ENTRADA AGREGADA--NOMBRE PERSONAL
Nombre de persona Ontañón, Francisco,
Fechas asociadas al nombre 1930-2008
9 (RLIN) 87097
700 1# - ENTRADA AGREGADA--NOMBRE PERSONAL
Nombre de persona Alberti, Rafael,
Fechas asociadas al nombre 1902-1999
9 (RLIN) 240174
830 1# - PUNTO DE ACCESO ADICIONAL DE SERIE-TÍTULO UNIFORME
Título uniforme Palabra e imagen
9 (RLIN) 183520
852 ## - LOCALIZACIÓN
Ubicación ES-MaACL
Número de control de estantería E-684
Holdings
Estatus retirado Estado de pérdida Estado de daño No para préstamo Biblioteca de origen Biblioteca actual Ubicación en estantería Fecha de adquisición Fuente de adquisición Total de préstamos Signatura topográfica completa Código de barras Visto por última vez Precio de reemplazo Tipo de ítem Koha
        Biblioteca del Ateneo de Madrid Biblioteca del Ateneo de Madrid Depósito 2 17/01/2008     E-684 1080019 23/02/2023 23/02/2023 Libro impreso